Sports Quiz

Random Sports or Capital Quiz
Score 0/24 Timer 04:00
0 Plays Today
Position Player % Correct
ForwardAlex Ovechkin
98.8%
ForwardNicklas Backstrom
94.1%
DefensemanMike Green
92.9%
ForwardAlexander Semin
89.4%
ForwardBrooks Laich
84.7%
GoaltenderSemyon Varlamov
84.7%
DefensemanJohn Carlson
83.5%
ForwardMIke Knuble
78.8%
GoaltenderMichal Neuvirth
75.3%
DefensemanTom Poti
72.9%
ForwardEric Fehr
69.4%
DefensemanJohn Erskine
68.2%
Position Player % Correct
ForwardMarcus Johansson
67.1%
Defenseman Karl Alzner
67.1%
ForwardDave Steckel
65.9%
DefensemanJeff Schultz
65.9%
ForwardJason Chimera
64.7%
ForwardMatt Hendricks
60%
ForwardMatt Bradley
58.8%
ForwardBoyd Gordon
58.8%
ForwardTomas Fleischmann
55.3%
DefensemanTyler Sloan
47.1%
ForwardDJ King
44.7%
GoaltenderDany Sabourin
29.4%
Remove Ads.
Support Sporcle.
Get the best of Sporcle when you Go Orange. This ad-free experience offers more features, more stats, and more fun while also helping to support Sporcle. Thank you for becoming a member.

You're not logged in!

Compare scores with friends on all Sporcle quizzes.
OR
Log In

Sporcle TV

Today on Sporcle TV


Watch our educational content, quiz creation guides, and fun videos on Sporcle TV.

Show Comments

Extras

Top Quizzes Today


Score Distribution

Paid Content

Your Account Isn't Verified!

In order to create a playlist on Sporcle, you need to verify the email address you used during registration. Go to your Sporcle Settings to finish the process.

Report this User

Report this user for behavior that violates our Community Guidelines.

Details: